| Tag |
First Indicator |
Second Indicator |
Subfields |
| LEADER |
00000cam a2200000Mi 4500 |
| 001 |
in00003847813 |
| 005 |
20170926114727.0 |
| 008 |
170125t20162016weaac 001 0beng |
| 020 |
|
|
|a 9780859056526
|
| 020 |
|
|
|a 085905652X
|
| 035 |
|
|
|a (OCoLC)ocn971481511
|
| 040 |
|
|
|a AU@
|e rda
|c AU@
|d COO
|d BWK
|d UtOrBLW
|
| 043 |
|
|
|a u-at-we
|
| 049 |
|
|
|a TXAM
|
| 090 |
|
|
|a D568.3
|b .C76 2016
|
| 245 |
0 |
0 |
|a Crosscut's war :
|b the life and times of a Gallipoli soldier Thomas Henry ('Crosscut') Wilson /
|c edited by Chris Holyday.
|
| 264 |
|
1 |
|a Carlisle, Western Australia :
|b Hesperian Press,
|c [2016]
|
| 264 |
|
4 |
|c ©2016
|
| 300 |
|
|
|a v, 73 pages :
|b illustrations ;
|c 30 cm.
|
| 336 |
|
|
|a text
|b txt
|2 rdacontent
|
| 336 |
|
|
|a still image
|b sti
|2 rdacontent
|
| 337 |
|
|
|a unmediated
|b n
|2 rdamedia
|
| 338 |
|
|
|a volume
|b nc
|2 rdacarrier
|
| 500 |
|
|
|a Includes index.
|
| 600 |
1 |
0 |
|a Wilson, Tom,
|d 1865-1925.
|
| 650 |
|
0 |
|a World War, 1914-1918
|x Campaigns
|z Turkey
|z Gallipoli Peninsula
|x Personal narratives, Australian.
|
| 650 |
|
0 |
|a Veterans
|z Australia
|z Western Australia
|v Biography.
|
| 650 |
|
0 |
|a Poets, Australian
|z Australia
|z Western Australia
|v Biography.
|
| 700 |
1 |
|
|a Holyday, Chris,
|e editor.
|0 http://id.loc.gov/authorities/names/nb2012029654
|
| 945 |
|
|
|b 56447
|
| 947 |
|
|
|a A14850056269
|
| 948 |
|
|
|a cataloged
|b h
|c 2017/4/18
|d c
|e dmitchel
|f 12:50:40 pm
|
| 994 |
|
|
|a 92
|b TXA
|
| 999 |
f |
f |
|s 89ad5557-d324-3253-94b5-991e5b8632df
|i f4f60af6-2e9f-3597-901a-9188bf64751f
|t 0
|
| 952 |
f |
f |
|p normal
|a Texas A&M University
|b College Station
|c Sterling C. Evans Library
|d Evans: Library Stacks
|t 0
|e D568.3 .C76 2016
|h Library of Congress classification
|i unmediated -- volume
|m A14850056269
|
| 998 |
f |
f |
|a D568.3 .C76 2016
|t 0
|l Evans: Library Stacks
|